A grief observed / (Record no. 626)

MARC details
000 -LEADER
fixed length control field 00854cam a2200265 a 4500
005 - DATE AND TIME OF LATEST TRANSACTION
control field 20260322212027.0
008 - FIXED-LENGTH DATA ELEMENTS--GENERAL INFORMATION
fixed length control field data
010 ## - LIBRARY OF CONGRESS CONTROL NUMBER
LC control number 00063227
020 ## - INTERNATIONAL STANDARD BOOK NUMBER
International Standard Book Number 0060652381 (pbk. : alk. paper)
020 ## - INTERNATIONAL STANDARD BOOK NUMBER
International Standard Book Number 9780060652388 (pbk. : alk. paper)
040 ## - CATALOGING SOURCE
Original cataloging agency DLC
Transcribing agency DLC
Modifying agency DLC
050 00 - LIBRARY OF CONGRESS CALL NUMBER
Classification number BV4905.2
Item number .L4 2001
082 00 - DEWEY DECIMAL CLASSIFICATION NUMBER
Classification number 242/.4
Edition information 21
092 ## - LOCALLY ASSIGNED DEWEY CALL NUMBER (OCLC)
Classification number 242.4 L4 2001
001 - CONTROL NUMBER
control field data
100 1# - MAIN ENTRY--PERSONAL NAME
Personal name Lewis, C. S.
Dates associated with a name 1898-1963.
Fuller form of name (Clive Staples),
245 12 - TITLE STATEMENT
Title A grief observed /
Statement of responsibility, etc. C. S. Lewis.
260 ## - PUBLICATION, DISTRIBUTION, ETC.
Place of publication, distribution, etc. [San Francisco] :
Name of publisher, distributor, etc. HarperSanFrancisco,
Date of publication, distribution, etc. 2001.
300 ## - PHYSICAL DESCRIPTION
Extent xxxi, 76 p. ;
Dimensions 20 cm.
600 10 - SUBJECT ADDED ENTRY--PERSONAL NAME
Personal name Davidman, Joy.
600 10 - SUBJECT ADDED ENTRY--PERSONAL NAME
Personal name Lewis, C. S.
Fuller form of name (Clive Staples),
Dates associated with a name 1898-1963
General subdivision Religion.
650 #0 - SUBJECT ADDED ENTRY--TOPICAL TERM
Topical term or geographic name entry element Consolation.
650 #0 - SUBJECT ADDED ENTRY--TOPICAL TERM
Topical term or geographic name entry element Bereavement
General subdivision Christianity.
-- Christianity.
856 42 - ELECTRONIC LOCATION AND ACCESS
Materials specified Publisher description
Uniform Resource Identifier <a href="http://www.loc.gov/catdir/description/hc042/00063227.html">http://www.loc.gov/catdir/description/hc042/00063227.html</a>
Holdings
Withdrawn status Lost status Damaged status Not for loan Home library Current library Shelving location Date acquired Total checkouts Full call number Barcode Date last seen Price effective from Koha item type
        Institut Protestant de Théologie Institut Protestant de Théologie General stacks 22/03/2026   242/.4 21 BC0010643 22/03/2026 22/03/2026 Books